[Event "Cambridge op 2nd"]
[Site "Cambridge"]
[Date "2024.02.20"]
[Round "3"]
[White "Alderson, John KA"]
[Black "Hagesaether, Nina"]
[Result "0-1"]
[WhiteElo "1788"]
[BlackElo "1973"]
[PlyCount "98"]
[EventDate "2024.02.19"]
[EventType "swiss"]
[EventRounds "9"]
[EventCountry "ENG"]
[SourceTitle "CB09_2024"]
[SourceDate "2024.02.28"]
[SourceVersion "1"]
[SourceVersionDate "2024.02.28"]
[SourceQuality "1"]

1. c4 Nf6 2. Nc3 e5 3. g3 Bb4 4. Bg2 0-0 5. e3 Bxc3 6. bxc3 c6 7. d4 d6 8. Ne2 Bf5 9. 0-0 Qd7 10. f3 Bh3 11. e4 Bxg2 12. Kxg2 Qc7 13. Be3 Nbd7 14. Qd3 Rfe8 15. a4 Qa5 16. Rfb1 Qa6 17. a5 d5 18. Qd1 dxe4 19. fxe4 exd4 20. cxd4 Rxe4 21. Qc1 Rae8 22. Rb3 Ng4 23. Raa3 Nxe3+ 24. Rxe3 Rxe3 25. Rxe3 Rxe3 26. Qxe3 Qxc4 27. Nc3 Nf8 28. Kf2 Ne6 29. Ne2 Qd5 30. Qc3 h6 31. Qb4 c5 32. dxc5 Qxc5+ 33. Qxc5 Nxc5 34. Nd4 b6 35. axb6 axb6 36. Ke3 g6 37. Nb5 Kg7 38. Kd4 Kf6 39. Kd5 Kg5 40. h3 f5 41. Nd4 Kf6 42. Nf3 Ne4 43. g4 fxg4 44. hxg4 Nf2 45. g5+ hxg5 46. Kc6 g4 47. Ne1 Ke5 48. Kxb6 Ke4 49. Kc5 Nd3+ 0-1

[Event "Helsinki  zt (Women)"]
[Site "Helsinki"]
[Date "1999.??.??"]
[Round "8"]
[White "Hagesaether, Nina"]
[Black "Agrest, Svetlana"]
[Result "1/2-1/2"]
[WhiteElo "2103"]
[BlackElo "2211"]
[PlyCount "249"]
[EventDate "1999.??.??"]
[EventType "tourn"]
[EventRounds "9"]
[EventCountry "FIN"]
[SourceTitle "EXT 2000"]
[Source "ChessBase"]
[SourceDate "1999.11.16"]
[SourceVersion "1"]
[SourceVersionDate "1999.11.16"]
[SourceQuality "1"]

1. d3 e5 2. Nf3 d6 3. g3 f5 4. Bg2 Nf6 5. 0-0 g6 6. c4 Bg7 7. Nc3 0-0 8. c5 Nc6 9. cxd6 Qxd6 10. Ng5 Kh8 11. Nb5 Qd7 12. Be3 a6 13. Nc3 Nd4 14. Rc1 Rb8 15. Bxd4 exd4 16. Na4 h6 17. Nf3 Nd5 18. Nc5 Qd6 19. Nb3 Ne7 20. Qc2 c6 21. Nfd2 Be6 22. Qc5 Qd7 23. Nc4 Bxc4 24. Qxc4 Qd6 25. Nc5 Rfe8 26. Qe6 Qxe6 27. Nxe6 Bf6 28. Nc5 Red8 29. Rc4 Nc8 30. Nxb7 Rxb7 31. Rxc6 Rb6 32. Rfc1 Rxc6 33. Rxc6 Kg7 34. Rxa6 Ne7 35. Ra4 Rc8 36. Rc4 Rxc4 37. dxc4 d3 38. exd3 Bxb2 39. Kf1 Bd4 40. Ke2 Kf6 41. Bb7 Ke5 42. h3 Bb6 43. g4 Kf4 44. Bf3 fxg4 45. Bxg4 Nf5 46. Kf1 Bc5 47. a4 Bb6 48. Bd1 Nd4 49. Bg4 Nb3 50. Ke2 Nc5 51. a5 Bxa5 52. d4 Ne4 53. c5 Bc7 54. Bd7 Nf6 55. Bc6 Kf5 56. Kf3 Ke6 57. Bb7 g5 58. Ke3 Ba5 59. Bc8+ Kd5 60. Bb7+ Kc4 61. Bc8 Bb4 62. Be6+ Kc3 63. c6 Bd6 64. d5 Kb4 65. Kd4 Kb5 66. Bf7 Kb6 67. Be6 Kc7 68. Ke3 Be5 69. Kf3 Kd6 70. h4 Bf4 71. hxg5 hxg5 72. Bc8 Kxd5 73. Bb7 Kd6 74. Ke2 Ng8 75. Bc8 Kxc6 76. Bh3 Kd5 77. Kf3 Nf6 78. Bc8 Kd4 79. Bf5 Kc3 80. Ke2 Ne8 81. Bd7 Nd6 82. Kf3 Kd2 83. Bc6 Nc4 84. Bd5 Ne5+ 85. Kg2 Ke1 86. Be4 Ng4 87. f3 Ne3+ 88. Kh3 Kf2 89. Bc6 Nc2 90. Bb7 Nd4 91. Bd5 Ne2 92. Kg4 Kg2 93. Bc6 Nc3 94. Bb7 Nd1 95. Bc6 Ne3+ 96. Kh5 Kg3 97. Kg6 Nc2 98. Kf6 Nd4 99. Ba4 Kxf3 100. Bd1+ Kg3 101. Kg6 Nf3 102. Bc2 Nh4+ 103. Kh5 Nf3 104. Kg6 Bd2 105. Bd1 Kf4 106. Kh5 g4 107. Be2 g3 108. Bf1 Bb4 109. Bh3 Be7 110. Bg2 Nd2 111. Bh1 Ne4 112. Bg2 Nf2 113. Kg6 Ng4 114. Kf7 Bb4 115. Ke6 Ne3 116. Bh1 g2 117. Bxg2 Nxg2 118. Kd5 Ne3+ 119. Kd4 Be7 120. Kd3 Bf6 121. Ke2 Ke4 122. Kd2 Bh4 123. Ke2 Bg3 124. Kd2 Nd5 125. Ke2 1/2-1/2

[Event "Helsinki  zt (Women)"]
[Site "Helsinki"]
[Date "1999.??.??"]
[Round "1"]
[White "Hagesaether, Nina"]
[Black "Berg, Susanne"]
[Result "1/2-1/2"]
[WhiteElo "2103"]
[BlackElo "2071"]
[PlyCount "63"]
[EventDate "1999.??.??"]
[EventType "tourn"]
[EventRounds "9"]
[EventCountry "FIN"]
[SourceTitle "EXT 2000"]
[Source "ChessBase"]
[SourceDate "1999.11.16"]
[SourceVersion "1"]
[SourceVersionDate "1999.11.16"]
[SourceQuality "1"]

1. e4 g6 2. d4 Bg7 3. Nc3 c6 4. Be3 d5 5. e5 f6 6. f4 Nh6 7. Nf3 Bg4 8. Be2 Nf7 9. h3 Bxf3 10. Bxf3 e6 11. Qd2 c5 12. exf6 Bxf6 13. Bf2 c4 14. 0-0 0-0 15. Rfe1 Qd7 16. Re2 Nc6 17. Rae1 Rae8 18. g4 Nd6 19. Rxe6 Ne4 20. Bxe4 dxe4 21. R6xe4 Nxd4 22. Kf1 Rd8 23. Rd1 Qc6 24. Bxd4 Bxd4 25. Nd5 Rxd5 26. Rxd4 Rxd4 27. Qxd4 Qh1+ 28. Kf2 Qh2+ 29. Kf3 Qxh3+ 30. Kf2 Qh2+ 31. Kf3 Qh3+ 32. Kf2 1/2-1/2

[Event "Helsinki  zt (Women)"]
[Site "Helsinki"]
[Date "1999.??.??"]
[Round "7"]
[White "Hagesaether, Nina"]
[Black "Paasikangas Tella, Johanna"]
[Result "1-0"]
[WhiteElo "2103"]
[BlackElo "2279"]
[PlyCount "179"]
[EventDate "1999.??.??"]
[EventType "tourn"]
[EventRounds "9"]
[EventCountry "FIN"]
[SourceTitle "EXT 2000"]
[Source "ChessBase"]
[SourceDate "1999.11.16"]
[SourceVersion "1"]
[SourceVersionDate "1999.11.16"]
[SourceQuality "1"]

1. d3 f5 2. g3 Nf6 3. Bg2 d6 4. c4 g6 5. Nc3 Bg7 6. Nf3 0-0 7. 0-0 e5 8. c5 Kh8 9. cxd6 cxd6 10. Bd2 Nc6 11. a3 Nh5 12. b4 f4 13. Rc1 d5 14. Qb3 Be6 15. b5 Ne7 16. Na4 b6 17. Bc3 Qb8 18. Ng5 Bg8 19. Bb4 Qe8 20. Bd6 Bf6 21. Nh3 Qd7 22. Bxe7 Bxe7 23. Kh1 Bf6 24. Ng1 e4 25. Qb4 Rae8 26. dxe4 dxe4 27. Rfd1 Qf5 28. Bh3 Qg5 29. g4 Ng7 30. f3 e3 31. Rd7 Re7 32. Rcc7 Rxd7 33. Rxd7 Rf7 34. Rxf7 Bxf7 35. Nb2 Qd5 36. Qf8+ Bg8 37. Qxf6 Qxb5 38. g5 Qb3 39. a4 b5 40. axb5 Qxb5 41. Qd4 a5 42. Bd7 Qxg5 43. Nh3 Qh4 44. Nd3 g5 45. Kg2 Qh5 46. Qc5 h6 47. Qxa5 Qf7 48. Ne5 Qf6 49. Qc5 Nf5 50. Bxf5 Qxf5 51. Qd4 Kh7 52. Nd3 Be6 53. Nhxf4 gxf4 54. Qe4 Qxe4 55. fxe4 Kg7 56. Nxf4 Bc8 57. Kf3 Kf6 58. h4 Ke5 59. Kxe3 Bg4 60. Nd3+ Kf6 61. Ne1 Ke6 62. Nf3 Kf6 63. Kf4 Bh3 64. e5+ Ke6 65. e4 Kf7 66. Nd4 h5 67. Kg5 Bg4 68. e6+ Ke7 69. Kf4 Kf6 70. e5+ Ke7 71. Ke4 Bh3 72. Nf5+ Kxe6 73. Ng7+ Ke7 74. Nxh5 Kf7 75. Nf6 Kg6 76. Kd5 Kf7 77. h5 Bf5 78. Kd6 Bh3 79. Ne4 Bg4 80. e6+ Kg7 81. Ng3 Bd1 82. e7 Ba4 83. Nf5+ Kf6 84. Nd4 Be8 85. h6 Kg6 86. Nf5 Ba4 87. Kc7 Kh7 88. Kd8 Kg6 89. Ne3 Kxh6 90. Nc4 1-0

[Event "Helsinki  zt (Women)"]
[Site "Helsinki"]
[Date "1999.??.??"]
[Round "4"]
[White "Tuominen, Tanja"]
[Black "Hagesaether, Nina"]
[Result "1/2-1/2"]
[WhiteElo "2003"]
[BlackElo "2103"]
[PlyCount "52"]
[EventDate "1999.??.??"]
[EventType "tourn"]
[EventRounds "9"]
[EventCountry "FIN"]
[SourceTitle "EXT 2000"]
[Source "ChessBase"]
[SourceDate "1999.11.16"]
[SourceVersion "1"]
[SourceVersionDate "1999.11.16"]
[SourceQuality "1"]

1. e4 d6 2. d4 g6 3. Nf3 Bg7 4. Nbd2 Nf6 5. Bd3 0-0 6. 0-0 Nc6 7. Re1 e5 8. c3 Nh5 9. Nb3 Nf4 10. Bb5 Ne7 11. Bxf4 exf4 12. Qd2 Bh6 13. d5 c6 14. dxc6 bxc6 15. Bf1 Qc7 16. e5 d5 17. Nc5 Nf5 18. Qc2 Be6 19. c4 Qb6 20. Nxe6 fxe6 21. Bd3 Bg7 22. Rad1 Rae8 23. Re2 Re7 24. Ree1 Ree8 25. Re2 Re7 26. Ree1 Ree8 1/2-1/2

[Event "Four Nations U20"]
[Site "Tjele"]
[Date "1998.??.??"]
[Round "2"]
[White "Cleven, Maria"]
[Black "Hagesaether, Nina"]
[Result "0-1"]
[WhiteElo "2125"]
[BlackElo "2090"]
[PlyCount "54"]
[EventDate "1998.??.??"]
[EventType "team"]
[EventRounds "3"]
[EventCountry "DEN"]
[SourceTitle "EXT 2000"]
[Source "ChessBase"]
[SourceDate "1999.11.16"]
[SourceVersion "1"]
[SourceVersionDate "1999.11.16"]
[SourceQuality "1"]

1. Nf3 Nf6 2. g3 g6 3. b3 Bg7 4. Bb2 d6 5. d4 0-0 6. Bg2 c6 7. 0-0 Qc7 8. c4 Nbd7 9. d5 cxd5 10. cxd5 Qa5 11. Nc3 Nb6 12. Ne1 Bf5 13. a3 Rac8 14. b4 Qa6 15. Ra2 Qc4 16. Qa1 Bh6 17. Nf3 Nbxd5 18. Nxd5 Nxd5 19. Nd4 Bd7 20. e3 Nxe3 21. fxe3 Bxe3+ 22. Kh1 e5 23. Nf3 Be6 24. Bxe5 Qxa2 25. Qxa2 Bxa2 26. Bxd6 Rfd8 27. Be5 Rc1 0-1

[Event "NOR-chT"]
[Site "Norway"]
[Date "1998.??.??"]
[Round "?"]
[White "Kolas, Tore"]
[Black "Hagesaether, Nina"]
[Result "1/2-1/2"]
[WhiteElo "2170"]
[BlackElo "2090"]
[PlyCount "33"]
[EventDate "1998.??.??"]
[EventType "team"]
[EventRounds "7"]
[EventCountry "NOR"]
[SourceTitle "EXT 1999"]
[Source "ChessBase"]
[SourceDate "1998.11.16"]
[SourceVersion "1"]
[SourceVersionDate "1998.11.16"]
[SourceQuality "1"]

1. e4 d6 2. d4 g6 3. Nc3 Bg7 4. Bg5 h6 5. Be3 Nf6 6. h3 c6 7. Qd2 b5 8. Bd3 Nbd7 9. Nf3 Nb6 10. 0-0 Qc7 11. Bf4 Nh5 12. Bh2 e5 13. g4 exd4 14. Ne2 Nf6 15. e5 Nxg4 16. hxg4 dxe5 17. Rae1 1/2-1/2

[Event "NOR-chT"]
[Site "Norway"]
[Date "1997.??.??"]
[Round "3"]
[White "Hagesaether, Nina"]
[Black "Gronn, Atle"]
[Result "1/2-1/2"]
[WhiteElo "2080"]
[BlackElo "2320"]
[PlyCount "92"]
[EventDate "1997.??.??"]
[EventType "team-swiss"]
[EventRounds "7"]
[EventCountry "NOR"]
[SourceTitle "EXT 1999"]
[Source "ChessBase"]
[SourceDate "1998.11.16"]
[SourceVersion "1"]
[SourceVersionDate "1998.11.16"]
[SourceQuality "1"]

1. e4 d6 2. d4 g6 3. Nf3 Bg7 4. Nc3 Nf6 5. h3 c6 6. Be3 0-0 7. Be2 b5 8. a3 a6 9. 0-0 Nbd7 10. Nh2 Bb7 11. f4 c5 12. e5 Ne4 13. Nxe4 Bxe4 14. c3 Qc7 15. Bf3 Qb7 16. Bxe4 Qxe4 17. Qf3 Qxf3 18. Nxf3 cxd4 19. cxd4 Nb6 20. b3 Nd5 21. Bd2 Rfc8 22. Rac1 e6 23. Rxc8+ Rxc8 24. Rc1 Rxc1+ 25. Bxc1 Bf8 26. Kf2 Nc3 27. Ke3 Be7 28. Nd2 Kf8 29. Ne4 Nd5+ 30. Kd3 dxe5 31. dxe5 Ke8 32. Nc3 Nc7 33. Ne4 Kd7 34. Kd4 Kc6 35. b4 Nd5 36. g3 Nb6 37. Nd2 Bd8 38. Ke4 h5 39. Bb2 a5 40. Nb3 Nc4 41. Nd4+ Kb6 42. Bc1 Be7 43. Nc2 Kb7 44. Nd4 Kb6 45. Nc2 axb4 46. axb4 Kc6 1/2-1/2

[Event "NOR-chT"]
[Site "Norway"]
[Date "1997.??.??"]
[Round "1"]
[White "Storland, Knut Harald"]
[Black "Hagesaether, Nina"]
[Result "1/2-1/2"]
[WhiteElo "2260"]
[BlackElo "2080"]
[PlyCount "100"]
[EventDate "1997.??.??"]
[EventType "team-swiss"]
[EventRounds "7"]
[EventCountry "NOR"]
[SourceTitle "EXT 1999"]
[Source "ChessBase"]
[SourceDate "1998.11.16"]
[SourceVersion "1"]
[SourceVersionDate "1998.11.16"]
[SourceQuality "1"]

1. d4 Nf6 2. c4 g6 3. Nc3 Bg7 4. e4 d6 5. Nf3 c6 6. Be2 Qc7 7. 0-0 0-0 8. h3 e5 9. Be3 Nbd7 10. Re1 Ne8 11. Qb3 h6 12. Rad1 Kh7 13. Bd3 exd4 14. Bxd4 Nc5 15. Qc2 Nxd3 16. Qxd3 Be6 17. Bxg7 Nxg7 18. Nd4 Rad8 19. Rd2 a6 20. Red1 b5 21. Nxe6 fxe6 22. a3 Nh5 23. Ne2 d5 24. cxd5 exd5 25. exd5 Rxd5 26. Qe3 Rfd8 27. Rxd5 Rxd5 28. Rxd5 cxd5 29. Nd4 Ng7 30. g4 Qd6 31. b4 g5 32. Kg2 Kg6 33. Qd3+ Kf7 34. Qf3+ Kg6 35. Qe3 Kf6 36. h4 Kg6 37. h5+ Kf6 38. Qd3 Kf7 39. Qf3+ Ke7 40. Qe3+ Kf6 41. Qd3 Kf7 42. Qh7 Qf4 43. Qg6+ Kg8 44. Qxg7+ Kxg7 45. Ne6+ Kf6 46. Nxf4 gxf4 47. f3 Ke5 48. Kf2 Ke6 49. Ke2 Kf6 50. Kd3 Kf7 1/2-1/2

[Event "Porsgrunn U18"]
[Site "Porsgrunn"]
[Date "1996.??.??"]
[Round "?"]
[White "Hagesaether, Nina"]
[Black "Lie, Kjetil A"]
[Result "0-1"]
[WhiteElo "2075"]
[BlackElo "2115"]
[PlyCount "70"]
[EventDate "1996.??.??"]
[EventType "swiss"]
[EventRounds "9"]
[EventCountry "NOR"]
[SourceTitle "EXT 2006"]
[Source "ChessBase"]
[SourceDate "2005.11.24"]
[SourceVersion "1"]
[SourceVersionDate "2005.11.24"]
[SourceQuality "1"]

1. e4 g6 2. d4 Bg7 3. Nc3 d6 4. f4 Nf6 5. Nf3 0-0 6. Be2 Bg4 7. Be3 c6 8. h3 Bxf3 9. Bxf3 Nfd7 10. Qd2 Qa5 11. 0-0 Na6 12. Ne2 Qxd2 13. Bxd2 Nb6 14. b3 c5 15. c3 e5 16. Be3 cxd4 17. cxd4 Nb4 18. Bf2 Nd3 19. dxe5 dxe5 20. fxe5 Nxf2 21. Kxf2 Nd7 22. Rac1 Nxe5 23. Rc7 Rab8 24. Kg1 Rfd8 25. Rc2 Bh6 26. a4 Rbc8 27. Rb2 Rd3 28. Kh1 Rcd8 29. Kg1 Re3 30. Nc1 Rd6 31. b4 Rf6 32. Rb3 Rc6 33. Rb1 Nxf3+ 34. gxf3 Rc2 35. Rf2 Re1+ 0-1

[Event "Porsgrunn U18"]
[Site "Porsgrunn"]
[Date "1996.??.??"]
[Round "?"]
[White "Heimreid, Ken Ivar"]
[Black "Hagesaether, Nina"]
[Result "0-1"]
[WhiteElo "1660"]
[BlackElo "2075"]
[PlyCount "94"]
[EventDate "1996.??.??"]
[EventType "swiss"]
[EventRounds "9"]
[EventCountry "NOR"]
[SourceTitle "EXT 2006"]
[Source "ChessBase"]
[SourceDate "2005.11.24"]
[SourceVersion "1"]
[SourceVersionDate "2005.11.24"]
[SourceQuality "1"]

1. e4 d6 2. d4 g6 3. c4 Bg7 4. Nc3 Nf6 5. f3 Nbd7 6. Be3 e5 7. d5 0-0 8. Qd2 a5 9. g4 Nc5 10. Nge2 Qe7 11. Ng3 Rd8 12. h4 c6 13. Bg5 Qc7 14. h5 Rf8 15. Bh6 Ne8 16. Bxg7 Kxg7 17. Be2 Qe7 18. 0-0-0 Bd7 19. Rh2 Kg8 20. Rdh1 Rc8 21. hxg6 fxg6 22. Qh6 Rf7 23. Kb1 Rg7 24. g5 Nc7 25. Qh4 Rf8 26. Rf1 Rf4 27. Qh6 cxd5 28. cxd5 b5 29. Nd1 b4 30. Nf2 Nb5 31. Nh3 Bxh3 32. Qxh3 Nd4 33. Qc8+ Rf8 34. Qg4 Rgf7 35. Rfh1 Nxe2 36. Nxe2 b3 37. axb3 Nxb3 38. Ng1 Nd4 39. Rh4 a4 40. Qh3 Rg7 41. Rh2 Qb7 42. f4 Rxf4 43. Ne2 Rxe4 44. Nxd4 Re1+ 45. Kc2 exd4 46. Rf2 Rc7+ 47. Kd2 Qxb2+ 0-1

[Event "Olympiad Women-32"]
[Site "Yerevan"]
[Date "1996.??.??"]
[Round "11"]
[White "Mira, Helene"]
[Black "Hagesaether, Nina"]
[Result "1-0"]
[WhiteElo "2185"]
[BlackElo "2090"]
[PlyCount "127"]
[EventDate "1996.09.15"]
[EventType "team-swiss"]
[EventRounds "14"]
[EventCountry "ARM"]
[SourceTitle "EXT 1997"]
[Source "ChessBase"]
[SourceDate "1996.11.15"]
[SourceVersion "1"]
[SourceVersionDate "1996.11.15"]
[SourceQuality "1"]

1. d4 Nf6 2. c4 g6 3. Nc3 Bg7 4. e4 d6 5. Be2 0-0 6. Nf3 e5 7. d5 Ne8 8. Bg5 f6 9. Be3 f5 10. Bg5 Nf6 11. b4 h6 12. Bxf6 Qxf6 13. c5 Na6 14. cxd6 cxd6 15. Qb3 g5 16. Nd2 f4 17. h3 Nc7 18. a4 Ne8 19. a5 Qg6 20. f3 Bd7 21. Bb5 Bxb5 22. Nxb5 h5 23. Nc4 g4 24. hxg4 hxg4 25. 0-0-0 g3 26. Kb1 Rf7 27. Rh4 Qf6 28. Rdh1 Qd8 29. Rg4 Qd7 30. Nba3 Rc8 31. Rg6 Rf6 32. Rg5 Rf7 33. Rh6 Kf8 34. Rh1 Bf6 35. Rg6 Bg7 36. b5 Rf6 37. Rg5 Rh6 38. Rxh6 Bxh6 39. Rg6 Bg7 40. Qb4 Bf6 41. Rh6 Kg7 42. Rh1 Qc7 43. b6 axb6 44. axb6 Qc5 45. Qxc5 Rxc5 46. Kc2 Bd8 47. Kb3 Rc8 48. Nb5 Ra8 49. Nbxd6 Nxd6 50. Nxd6 Bxb6 51. Nf5+ Kg8 52. d6 Bd8 53. Kc4 Ra2 54. Kd5 Rxg2 55. Kxe5 Rh2 56. Rg1 Bb6 57. d7 Rd2 58. Ne7+ Kf7 59. Nd5 Bxg1 60. d8Q Bd4+ 61. Kxf4 g2 62. Qe7+ Kg8 63. Qg5+ Kf7 64. e5 1-0